000 02044nam a2200325Ia 4500
001 CRC0KE13770PDF
003 BD-DhSAU
005 20151012144306.0
006 m|||||o||d||||||||
007 cr||||
008 130130s2013 flua sb 001 0 eng d
020 _a9781439877418 (ebook : PDF)
040 _aBD-DhSAU
_cBD-DhSAU
090 _aTD430
_b.J96 2013
092 _a628.162
_bJ99
100 1 _aJyoti, K. K.
_q(Kishen Kumar)
245 1 0 _aDrinking water disinfection techniques
_h[electronic resource] /
_cAniruddha Bhalchandra Pandit and Jyoti Kishen Kumar.
260 _aBoca Raton, Fla. :
_bCRC Press,
_c2013.
300 _axvii, 252 p. :
_bill.
504 _aIncludes bibliographical references and index.
505 0 _a1. Introduction -- 2. Chemical disinfection -- 3. Physical disinfection -- 4. Hybrid techniques -- 5. Cavitation-based disinfection techniques -- 6. Novel disinfection methods -- 7. Summary -- 8. Problems.
520 _a"This book effectively combines the chemical, physical, biological and engineering principles of water disinfection in one text. Discussing both conventional and novel techniques used for disinfection and the economics involved, the book gives a comprehensive review of various physical, chemical, and hybrid techniques used for disinfection to create potable water, including mode of action, scale of operation, efficacy, merits, and drawbacks. The authors highlight their novel work on cavitation for water disinfection, an economical, energy efficient, and simple alternative to the conventional methods of disinfection"--
_cProvided by publisher.
530 _aAlso available in print edition.
538 _aMode of access: World Wide Web.
650 0 _aDrinking water
_xPurification.
655 7 _aElectronic books.
_2lcsh
700 1 _aPandit, A. B.
_q(Aniruddha Bhalchandra)
776 1 _z9781439877401 (hardback)
856 4 0 _uhttp://marc.crcnetbase.com/isbn/9781439877418
_qapplication/PDF
999 _c11869
_d11868